| 000 | 00694cam a2200217 a 4500 | ||
|---|---|---|---|
| 001 | 000015804 | ||
| 005 | 20200929164147.0 | ||
| 008 | 850207s1984 ilua b 001 0 eng | ||
| 020 | _a0870944959 | ||
| 040 |
_aDO-SdBNP _beng _cLC _dBNGR |
||
| 050 | 0 | 0 |
_aHF5719 _b.L444 1984 |
| 082 |
_ann* _bL629h |
||
| 100 | 1 |
_aLesikar, Raymond Vincent. _935561 |
|
| 245 | 1 | 0 |
_aHow to write a report your boss will read and remember / _cRaymond V. Lesikar. |
| 260 |
_aHomewood, Illinois : _bDow Jones-Irwin, _c1984. |
||
| 300 |
_aix, 223 p. : _bil. ; _c24 cm. |
||
| 504 | _aBibliografía: p. 219-220. | ||
| 650 | 0 |
_aBusiness report writing. _935562 |
|
| 910 | _aCatalogación por copia / LC | ||
| 049 | _aBNGR | ||
| 999 |
_c15350 _d15350 |
||